1771 1490 1586 1443 1172 1195 1852 1182 1788 1320 1795 1524 1680 1605 1825 1986 1673 1795 1285 1437 1662 1573 1144 1568 1736 1645 1315 1050 1698 1309 1517 1117 1770 1449 1150 1513 1518 1326 1841 1595 1782 1106 1409 1091 1812 1628 1695 1520 1659 1520 1856 1622 1118 1035 1843 1536 1869 1723 1799 1384 1215 1941 1758 1375 1429 1226 1929 1657 1797 1005 1322 1265 1183 1468 1802 1593 1865 1927 1993 1039 1197 1707 1113 1171 1056 1550 1719 1569 1803 1884 1890 1621 1009 1378 1850 1425 1683 1171 1496 BCNSPRNW ULIB Ver.6.0+V

เปลี่ยนเป็นภาษาไทย

Change to English
 แสดงรายละเอียดบรรณานุกรม
  กลับหน้าหลัก

Brief Record : Get Marc (ISO 2709) : E-mail record : QR code < ปิดหน้าต่าง
LEADER : 00000nam 2200000uu 4500
001    13399113604
003     ULIB
008    111201sมปป.||||th 000 0 tha d
020    ^a9789740640370
090    ^aนว.^bล711T มปป.
100 0  ^aลูกชุบ
245 00 ^aThe Carnival รักเหลือร้ายจับหัวใจใส่หน้ากาก/^cลูกชุบ
250    ^aพิมพ์ครั้งที่ 1
260    ^aกรุงเทพฯ :^bแจ่มใส,^cมปป.
300    ^a200 หน้า
710 1  ^aแจ่มใส
945    ^p149^l0^i15312
995    ^aทศพร
999    ^aใช้งานได้ทุกระบบ
รายการนี้ยังไม่มีแท็ก
คุณยังไม่ได้ล็อกอิน คุณสามารถมีกิจกรรมร่วมกับเว็บไซต์ได้ แต่ต้องล็อกอินก่อน ::
  ล็อกอิน

รายการสื่อสารสนเทศ

ลำดับที่ ประเภท เลขเรียก/บาร์โค้ด สถานที่ สถานะ
1. นวนิยาย
นวนิยาย
นว. ล711T มปป. ฉ.1 
  Barcode: 15312
ห้องสมุดวิทยาเขตสวรรค์ประชารักษ์
►นวนิยาย
บนชั้น
  ขอยืม

รายการใกล้เคียง
    ผู้แต่ง [ลูกชุบ]

BibComment


ยังไม่เคยถูกคอมเมนท์

คอมเมนท์ทรัพยากรรายการนี้
  คอมเมนท์: The Carnival รัก..


 Copyright 2026. Bcnsprnw @Library